000 00385nam a2200145 i 4500
001 bg
100 1 _aBERNATOWICZ, Krystyn
245 0 _aMarketing w informacji naukowo-technicznej :
_bzarys metod badaƄ /
_cK. Bernatowicz.
260 _aWarszawa,
_c1984.
040 _cBPK
041 _apol
080 _a002.5:339.13(07)
942 _cKS
008 s pl f |000 0 pol
999 _c22717
_d22717
856 _uhttp://koha.tu.koszalin.pl/cgi-bin/koha/opac-detail.pl?biblionumber=22717
_yKatalog online BPK